Loading...
| Current Events | 2 | 10.00 | 100% | 0% | 0% |
| Fine Arts - Classical Music | 5 | 12.00 | 100% | 20% | 0% |
| Fine Arts - Other | 5 | 14.00 | 100% | 20% | 20% |
| Fine Arts - Painting and Sculpture | 8 | 15.00 | 100% | 50% | 0% |
| Geography | 3 | 26.67 | 100% | 100% | 67% |
| History - American | 7 | 10.00 | 86% | 14% | 0% |
| History - European | 7 | 25.71 | 100% | 86% | 71% |
| History - Other | 7 | 14.29 | 86% | 29% | 29% |
| History - World | 3 | 16.67 | 100% | 67% | 0% |
| Literature - American | 7 | 10.00 | 57% | 29% | 14% |
| Literature - British | 5 | 14.00 | 100% | 40% | 0% |
| Literature - European | 3 | 13.33 | 67% | 33% | 33% |
| Literature - World | 5 | 12.00 | 100% | 0% | 20% |
| Mythology | 6 | 16.67 | 100% | 67% | 0% |
| Other Academic | 1 | 20.00 | 100% | 100% | 0% |
| Philosophy | 5 | 12.00 | 100% | 20% | 0% |
| Pop Culture | 2 | 15.00 | 100% | 50% | 0% |
| Religion | 6 | 16.67 | 100% | 67% | 0% |
| Science - Biology | 4 | 10.00 | 75% | 25% | 0% |
| Science - Chemistry | 4 | 15.00 | 100% | 50% | 0% |
| Science - Other | 4 | 20.00 | 100% | 100% | 0% |
| Science - Physics | 5 | 18.00 | 100% | 80% | 0% |
| Social Science | 6 | 10.00 | 83% | 17% | 0% |